| 000 -CABECERA |
| Campo de control de longitud fija |
00519nam a22001577a 4500 |
| 005 - FECHA Y HORA DE LA ÚLTIMA TRANSACCIÓN |
| Campo de control |
20241010182412.0 |
| 008 - CAMPO FIJO DE DESCRIPCIÓN FIJA--INFORMACIÓN GENERAL |
| Campo de control de longitud fija |
241010b ||||| |||| 00| 0 eng d |
| 020 ## - ISBN (INTERNATIONAL STANDARD BOOK NUMBER) |
| ISBN |
9788413035673 |
| 040 ## - FUENTE DE CATALOGACIÓN |
| Agencia de catalogación original |
CDMR |
| Agencia que realiza la transcripción |
CDMR |
| 100 ## - ENCABEZAMIENTO PRINCIPAL--NOMBRE PERSONAL |
| 9 (RLIN) |
4978 |
| Nombre de persona |
Llaonart, Jordi |
| 245 ## - MENCIÓN DE TÍTULO |
| Título |
Viatge al cor de l'Islam |
| Parte restante del título |
: la història política dels xiïtes i els llocs sagrats del Pròxim Orient |
| Mención de responsabilidad, etc. |
/ Jordi Llaonart |
| 260 ## - PUBLICACIÓN, DISTRIBUCIÓN, ETC (PIE DE IMPRENTA) |
| Lugar de publicación, distribución, etc. |
Lleida |
| Nombre del editor, distribuidor, etc. |
: Pagès editors |
| Fecha de publicación, distribución, etc. |
, 2024 |
| 300 ## - DESCRIPCIÓN FÍSICA |
| Extensión |
238 pàgines |
| 650 #0 - ASIENTO SECUNDARIO DE MATERIA--TÉRMINO DE MATERIA |
| 9 (RLIN) |
4225 |
| Nombre de materia o nombre geográfico como elemento de entrada |
Orient Mitjà |
| Subdivisión general |
Religió |
| 942 ## - ELEMENTOS KOHA |
| Fuente de clasificación o esquema de ordenación en estanterías |
|
| Koha tipo de item |
Monografies |